Paroles rap fr : Ziak - Raspoutine - Statistiques

Statistiques générales
  • Ce quiz a été pris 1 681 fois
  • Le résultat moyen est 150 sur 297
Statistiques - réponses
% Correct
J'ai
93%
j'ai
93%
a
90%
de
87%
la
85%
Raspoutine
82%
tu
81%
Tu
81%
et
79%
Et
79%
Le
79%
le
79%
ma
79%
me
78%
ta
78%
10
77%
bite
75%
ces
75%
quand
75%
qui
75%
suce
75%
des
74%
Un
74%
un
74%
y
74%
bien
73%
J'aime
73%
Je
73%
je
73%
phone-tel
73%
pote
73%
mais
72%
bo
71%
c'est
71%
C'est
71%
t'aide
71%
ennemi
70%
dead
69%
PIN
69%
pas
68%
bon
67%
les
67%
j'préfère
66%
codes
65%
dans
64%
cuisine
63%
suces
62%
comme
60%
quoi
60%
faire
59%
sais
59%
avec
58%
couper
58%
sauvette
58%
toute
58%
pour
57%
rap
57%
Trouve
57%
Il
55%
fait
54%
LED
54%
français
53%
gun
53%
Kim
53%
l'aide
52%
choquer
51%
ligne
51%
péché
50%
courbettes
49%
Choisis
48%
Jong
48%
j'vais
48%
Zi-AK-47
48%
est
47%
d'crier
46%
lean
45%
semaines
45%
sur
45%
j'dois
43%
man
42%
nuit
42%
Pétasse
42%
pétasse
42%
Snap
42%
jeu
41%
j'suis
41%
J'suis
41%
pute
41%
Toutes
41%
fils
40%
baveux
39%
du
39%
toujours
39%
vidéo
39%
choses
38%
joint
38%
tape
38%
Tape
38%
vu
38%
pleurer
36%
recette
36%
million
35%
plaide
35%
crack
34%
d'l'arsenic
34%
scred
34%
vas
33%
J'fais
31%
mères
31%
j'roule
30%
bossé
29%
mac
29%
coeur
27%
cœur
27%
sac
27%
au
26%
manteau
26%
T'es
26%
blanche
25%
fille
25%
tiens
25%
toi
25%
d'Eminem
24%
distribue
24%
gang
23%
doses
22%
jactent
22%
même
22%
mon
22%
parles
22%
Place
22%
sont
22%
exceptionnelle
21%
fantômes
21%
j’espère
21%
morts
21%
piaule
21%
plante
21%
ai
20%
aux
20%
Combien
20%
jamais
20%
j'pleure
20%
j'te
20%
potes
20%
salope
20%
moi
19%
qu'tu
19%
seras
19%
ceux
18%
j'arrache
18%
sinon
18%
Vendôme
18%
devant
17%
d'tes
17%
J'emballe
17%
m'aiment
17%
qu'une
17%
cavaler
16%
plus
16%
bang
15%
beau
15%
'Dam
15%
démon
15%
peux
14%
Zidane
14%
âme
13%
Comment
13%
fond
13%
Seine
13%
dames
12%
finir
12%
frappe
12%
J'remplis
12%
peine
12%
sauver
12%
zen
12%
lame
11%
l'homme
11%
l'miroir
11%
plexus
11%
prends
11%
putain
11%
qu'oi-m
11%
tellement
11%
time
11%
vite
11%
déjà
10%
flammes
10%
J'leur
10%
vise
10%
j'reviens
9%
crâne
8%
H24
8%
ients-clis
8%
tâte
7%
Aucun quiz correspondant
Distribution des résultats
% des personnes avec chaque résultat
Percentile par nombre de réponses
Votre historique - résultats
Vous n’avez pas pris ce quiz